Effect of fresh sweedt totato wine complement in CP concentrate on growth rate of avian at royal university of agriculture, ឥទ្ធិពលនៃការបន្ថែមស្លឹកដំឡូងជ្វាស្រស់ក្នុងចំណីផ្សំក្រុមហ៊ុនCP ទៅលើការលូតលាស់មាន់សាច់AVIAN នៅសាកលវិទ្យាល័យភូមិន្ទកសិកម្ម (Record no. 2066)
[ view plain ]
| 000 -LEADER | |
|---|---|
| fixed length control field | 00819nam a22001577a 4500 |
| 003 - CONTROL NUMBER IDENTIFIER | |
| control field | OSt |
| 005 - DATE AND TIME OF LATEST TRANSACTION | |
| control field | 20151006153931.0 |
| 008 - FIXED-LENGTH DATA ELEMENTS--GENERAL INFORMATION | |
| fixed length control field | 151006b xxu||||| |||| 00| 0 eng d |
| 040 ## - CATALOGING SOURCE | |
| Transcribing agency | RUA |
| 082 ## - DEWEY DECIMAL CLASSIFICATION NUMBER | |
| Classification number | AVM YI 2006 B076 Or.1 |
| 100 ## - MAIN ENTRY--PERSONAL NAME | |
| 9 (RLIN) | 2195 |
| Personal name | YI, PUTHY. |
| 245 ## - TITLE STATEMENT | |
| Title | Effect of fresh sweedt totato wine complement in CP concentrate on growth rate of avian at royal university of agriculture, ឥទ្ធិពលនៃការបន្ថែមស្លឹកដំឡូងជ្វាស្រស់ក្នុងចំណីផ្សំក្រុមហ៊ុនCP ទៅលើការលូតលាស់មាន់សាច់AVIAN នៅសាកលវិទ្យាល័យភូមិន្ទកសិកម្ម |
| 260 ## - PUBLICATION, DISTRIBUTION, ETC. (IMPRINT) | |
| Place of publication, distribution, etc. | Phnom Penh |
| Name of publisher, distributor, etc. | RUA |
| Date of publication, distribution, etc. | 2006 |
| 300 ## - PHYSICAL DESCRIPTION | |
| Extent | 45p. |
| Other physical details | ill. |
| Dimensions | 29cm. |
| 942 ## - ADDED ENTRY ELEMENTS (KOHA) | |
| Source of classification or shelving scheme | |
| Koha item type | AVM |
| Price effective from | Date last seen | Permanent Location | Not for loan | Date acquired | Source of classification or shelving scheme | Koha item type | Lost status | Withdrawn status | Date last checked out | Total Checkouts | Shelving location | Damaged status | Barcode | Current Location | Full call number |
|---|---|---|---|---|---|---|---|---|---|---|---|---|---|---|---|
| 2015-10-06 | 2019-12-03 | Library Block B | 2015-10-06 | AVM | 2019-11-05 | 1 | B076 | RUA007709 | Library Block B | AVM YI 2006 B076 Or.1 | |||||
| 2015-10-06 | 2020-07-06 | Library Block B | 2015-10-06 | AVM | 2020-05-25 | 3 | B076 | RUA007986 | Library Block B | AVM YI 2006 B076 Or.2 | |||||
| 2015-10-06 | 2023-01-31 | Library Block B | 2015-10-06 | AVM | 2023-01-20 | 3 | B076 | RUA007702 | Library Block B | AVM YI 2006 B076 Or.3 | |||||
| 2015-10-06 | 2023-01-20 | Library Block B | 2015-10-06 | AVM | 2023-01-06 | 1 | B076 | RUA007701 | Library Block B | AVM YI 2006 B076 Or.4 | |||||
| 2015-10-06 | 2016-10-24 | Library Block B | 2015-10-06 | AVM | 2016-10-17 | 1 | RUA008939 | Library Block B | AVM YI 2006 B076 Or.5 |